| 000 | 00395 a2200133 4500 | ||
|---|---|---|---|
| 001 | 87688 | ||
| 082 | _aPR 65 | ||
| 090 |
_c41147 _d41147 |
||
| 100 | _aTalha Bin Saleem, Plt Off 15654 71(B) EC | ||
| 245 | _aDesign and implementation of a DSP based ECG Kit | ||
| 260 |
_aRisalpur _bCAE, PAF Academy Risalpur _c2011 |
||
| 300 |
_axiii, 51p. _eMudassir Khalid, Sqn Ldr |
||
| 500 | _aBE Project Reports | ||
| 942 |
_aCAE NUST _kPR 65 |
||
| 999 |
_c322761 _d322761 |
||